000 00710nam a2200241Ia 4500
005 20260430150400.0
008 008 250103s9999 xx 000 0 eng d
037 _aTheses
040 _aCRL
040 _beng
040 _ceng
041 _2eng
041 _aeng
084 _qCRL
100 _aNeha Au.; Aggarwal Anu Gupta Gu.; Tandon Abhishek Gu.
_91237326
245 0 _aSoftware Testing Management Using Quantitative reliability analysis and Machine Learning Algorithms
260 _c2023
300 _a207p.
650 _aOperations Research
700 _aUniversity of Delhi. Faculty of Mathematical Sciences. Deptt. of Operational Research
942 _cTH
999 _c1849650
_d1849650